000 00577nam a2200193Ia 4500
005 20250507130312.0
008 008 250505s9999 xx 000 0 eng d
037 _aSeries Article
040 _aEASL
_beng
_cEASL
041 _aeng
_2eng
084 _qEASL
100 _aNaduvath Jaibal
_9674565
245 0 _aExamining representation of the non-local: China in the UK media in the run-up to the Beijing olympics
260 _aUK
_bLondon Sage Publications
_c2014
300 _a109-129 Pp.
650 _aChina
942 _cSRA
999 _c1318868
_d1318868